[Event "ROM-ch U12 Girls"]
[Site "Voineasa"]
[Date "2008.04.12"]
[Round "2"]
[White "Toma, Andreea Simona"]
[Black "Gal, Krisztina"]
[Result "1-0"]
[WhiteElo "401"]
[BlackElo "518"]
[PlyCount "95"]
[EventDate "2008.04.08"]
[EventType "swiss"]
[EventRounds "9"]
[EventCountry "ROU"]
[SourceTitle "EXT 2013"]
[Source "ChessBase"]
[SourceDate "2012.11.22"]
[SourceVersion "1"]
[SourceVersionDate "2012.11.22"]
[SourceQuality "1"]

1. e4 e5 2. Nf3 Nc6 3. Bc4 Bc5 4. d3 h6 5. Nc3 Nf6 6. 0-0 0-0 7. Re1 d6 8. Be3 Bxe3 9. Rxe3 Bg4 10. Nd5 Nd4 11. Nxf6+ Qxf6 12. Bd5 c6 13. Bc4 b5 14. Bb3 a5 15. c3 Nxb3 16. axb3 Rfe8 17. h3 Bh5 18. g4 Bg6 19. d4 exd4 20. Qxd4 Qxd4 21. Nxd4 Ra6 22. f3 d5 23. Rae1 Rb6 24. Nf5 dxe4 25. Rxe4 Rxe4 26. Rxe4 h5 27. Re8+ Kh7 28. Ne7 Bc2 29. b4 axb4 30. cxb4 Ra6 31. Rc8 Ra1+ 32. Kg2 Rb1 33. Rxc6 Rxb2 34. Nd5 Be4+ 35. Kg3 Bxd5 36. Rc5 Rd2 37. Rxb5 Rd3 38. Kh4 Rxf3 39. Rxd5 hxg4 40. hxg4 Rf4 41. b5 Rb4 42. Rh5+ Kg8 43. Rc5 g6 44. Rc8+ Kg7 45. Rc5 Kh6 46. Re5 f5 47. Re7 Rxb5 48. g5# 1-0